Loading...
| Philosophy | 0 | 4 | 1 | 0 | 35 | 47 | 95.75 | 1 | 2 | 5.36 | 13.33 |
| History - World | 0 | 2 | 0 | 0 | 20 | 95 | 97.50 | 0 | 0 | 3.91 | 9.44 |
| Literature - British | 0 | 2 | 0 | 0 | 20 | 17 | 72.50 | 1 | 1 | 5.33 | 8.33 |
| Science - Physics | 0 | 1 | 0 | 0 | 10 | 88 | 88.00 | 0 | 1 | 1.52 | 5.00 |
| History - American | 0 | 1 | 0 | 0 | 10 | 89 | 89.00 | 0 | 1 | 1.37 | 2.78 |
| Literature - American | 0 | 1 | 0 | 0 | 10 | 93 | 93.00 | 0 | 1 | 1.81 | 5.00 |
| Literature - European | 0 | 1 | 0 | 0 | 10 | 103 | 103.00 | 0 | 0 | 1.38 | 3.89 |
| Literature - World/Other | 0 | 1 | 0 | 0 | 10 | 102 | 102.00 | 0 | 0 | 1.42 | 3.89 |
| Mythology | 0 | 1 | 0 | 0 | 10 | 89 | 89.00 | 0 | 0 | 1.84 | 3.33 |
| Science - Chemistry | 0 | 1 | 0 | 0 | 10 | 121 | 121.00 | 0 | 0 | 0.22 | 2.78 |
| Science - Other | 0 | 1 | 1 | 0 | 5 | 108 | 108.00 | 0 | 1 | 0.94 | 3.33 |
| Fine Arts - Classical Music | 0 | 1 | 1 | 0 | 5 | 135 | 135.00 | 0 | 0 | -0.17 | 0.56 |
| Geography/Current Events | 0 | 0 | 1 | 0 | -5 | 0.00 | 0 | 0 | 0.00 | 0.00 | |
| History - Other | 0 | 0 | 2 | 0 | -10 | 0.00 | 0 | 0 | 0.00 | 0.00 | |
| Fine Arts - Other | 0 | 0 | 2 | 0 | -10 | 0.00 | 0 | 0 | 0.07 | 1.67 |